000 00358nam a2200133 i 4500
001 bg
100 1 _aPRZETAKIEWICZ, Wojciech
245 0 _aZjawisko zgniotu krytycznego w metalach o sieci RSC o różnej... /
_cW. Przetakiewicz.
260 _aWarszawa,
_c1985.
040 _cBPK
041 _apol
942 _cKS
008 s pl f |000 0 pol
999 _c23031
_d23031
856 _uhttp://koha.tu.koszalin.pl/cgi-bin/koha/opac-detail.pl?biblionumber=23031
_yKatalog online BPK